You can cook (Record no. 90955)

MARC details
000 -LEADER
fixed length control field 00663nam a2200229Ia 4500
008 - FIXED-LENGTH DATA ELEMENTS--GENERAL INFORMATION
fixed length control field 191130s2010##################000#0#eng##
020 ## - INTERNATIONAL STANDARD BOOK NUMBER
ISBN 9781405350709
082 ## - DEWEY DECIMAL CLASSIFICATION NUMBER
Classification number 641.5 KAR
100 ## - MAIN ENTRY--AUTHOR NAME
Personal name Karmel, Annabel
245 ## - TITLE STATEMENT
Title You can cook
Statement of responsibility, etc Annabel Karmel
250 ## - EDITION STATEMENT
Edition statement 1st ed
260 ## - PUBLICATION, DISTRIBUTION, ETC. (IMPRINT)
Place of publication London
Name of publisher Dorling Kindersley
Year of publication 2010
300 ## - PHYSICAL DESCRIPTION
Number of Pages 128 p. : col. ill. ; 28 cm
500 ## - GENERAL NOTE
General note Includes index. Subtitle on cover: A step-by-step cookbook for kids
650 ## - SUBJECT ADDED ENTRY--TOPICAL TERM
Topical Term Cooking
Topical Term Cooking -- Juvenile literature
Topical Term Cooking, recipes
991 ## -
-- 99387
Holdings
Withdrawn status Lost status Damaged status Not for loan Home library Current library Date acquired Full call number Accession Number Price effective from Koha item type
        Anna Centenary Library Anna Centenary Library 09.10.2020 641.5 KAR 415132 09.10.2020 English Books

Find us on the map